000 00351nam a2200109Ia 4500
008 200302s9999 xx 000 0 und d
100 _aBasant Maheshwari and others
245 _aThe security of water food,Energy and liveability of cities challenges and opportunitis for peri-urban futures
260 _bSpringer Verlag
260 _c2014
300 _a489
999 _c7000
_d7000